00388 2200157 4500001002100000005001500021035002000036245005400056100002000110300001200130260003600142082000800178084001400186020001800200990001200218INLIS00000000000162720250428012846 a0010-04250000431 aMukjizat Samudera Doa & Dzikir /cThariq Akbar I.0 aThariq Akbar I. a233 hlm aYogyakarta :bJala Mitra,c2019 a297 a297 THA m a979-1036-12-8 a0754704